Vista normal
Vista MARC
Entrada Materia (personas)
Número de registros utilizados en: 1
001 - CONTROL NUMBER
- control field: 95874
003 - CONTROL NUMBER IDENTIFIER
- control field: Co-BoUCM
005 - DATE AND TIME OF LATEST TRANSACTION
- control field: 20190327103711.0
008 - FIXED-LENGTH DATA ELEMENTS
- fixed length control field: 190327|| aca||aabn | a|a d
040 ## - CATALOGING SOURCE
- Original cataloging agency: Co-BoUCM
- Transcribing agency: Co-BoUCM
100 ## - HEADING--PERSONAL NAME
- Personal name: Aldao, Carlos A.,
- Relator term: traductor
670 ## - SOURCE DATA FOUND
- Source citation: Work cat.: (Co-BoUCM)299792: Hall, Basil 1788-1844. 69152, El general San Martín en el Perú., 1920